000 00850cam a2200217 4500
001 WB3745-30
008 011128n2001 000 0 eng u
035 _a(Sirsi) u115775
245 _aNon-food crop market set to grow
260 _c2001
490 _aFarmers' Weekly
_v135(21) 23 November 2001, 19(1)
520 _aFarmers should act now and seek buyers if they are to break into the growing non-food crop market. Many products now use non-food crops as the chosen raw material and it is estimated that the market could increase by 40%. Farmers need to find out what firms want and in what form.
590 _aWB
650 _aARABLE FARMS
650 _aNON-FOOD CROPS
650 _aFARM DIVERSIFICATION
650 _aFARMING PRACTICES
650 _aFARM BUSINESS MANAGEMENT
690 _aRURAL-AGRICULTURE AND FORESTRY
942 _n0
999 _c68959
_d68959